000 00324nam a2200133Ia 4500
005 20251222144859.0
008 251222s9999||||xx |||||||||||||| ||spa||
020 _a9589393020
082 _a918.002.22/V67
245 4 _aThe Andean Countries by Satellite
250 _a1ra.ed.
264 _bEditorial Villegas
942 _cLIB
999 _c21897
_d21897